00531nam a2200169Ia 450000500170000000800410001702000140005808200160007210000160008824500400010426000400014430000130018450000450019794200060024295200980024899900150034620250627012337.0240331s9999 xx 000 0 und d a955203209 a302.23bDES aDe Silva, A 0aSinhala cinamawe nirupitha kanthawa aColombobS. Godage & Brothersc1998 a200 p ., aA book of Iconic Woman of Sinhala Cinema cL 001040708LaWERCLbWERCLcSSCd2024-03-31l0o 302.23 DESp4779r2024-03-31w2024-03-31yL c1127d1127